000 00639nam a22002057a 4500
005 20180608171322.0
010 _aENG-123183
020 _a9788178240954
_c695.00
020 _a8178240955
_c695.00
035 _aEN-106715
037 _bDBAD/PUB
082 _a305.51220954
245 _aCaste and democratic politics in India /
_cedited by Ghanshyam Shah
260 _a Delhi
_bPermanent Black
_c2017
300 _a440p.
_c22cm(pbk)
490 _aEssential writings in politics
500 _ait include appendix and bibliographical references
700 _a Shah, Ghanshyam
942 _2ddc
_cEN
_mCAS
_h305.51220954
999 _c152606
_d152606